Progresivní a netradiční technologie povrchových úprav : Sborník přednášek a prezentací
Salvato in:
| Autore principale: | |
|---|---|
| Natura: | Libro |
| Lingua: | ceco slovacco |
| Pubblicazione: |
Praha :
Česká společnost pro povrchové úpravy,
2005
|
| Soggetti: | |
| Tags: |
Nessun Tag, puoi essere il primo ad aggiungerne!!
|
MARC
| LEADER | 00000nam a22000003a 4500 | ||
|---|---|---|---|
| 001 | stu99421 | ||
| 005 | 20150617225821.8 | ||
| 008 | 051208s2005----xr------------------cze-d | ||
| 020 | |a 80-239-6135-7 | ||
| 040 | |a STU |b slo | ||
| 041 | 0 | |a cze |a slo | |
| 044 | |a xr | ||
| 080 | |a 621.795 | ||
| 080 | |a (063) | ||
| 100 | 1 | |a Mezinárodní seminář (Brno) (2.: 23.-24.11.2005) |4 aut | |
| 245 | 1 | |a Progresivní a netradiční technologie povrchových úprav : |b Sborník přednášek a prezentací | |
| 260 | |a Praha : |b Česká společnost pro povrchové úpravy, |c 2005 | ||
| 300 | |a 108 s | ||
| 650 | 7 | |a úpravy povrchové |2 stusub | |
| 996 | |b 284M063787 |c M*Z-2762 |l MMKN |s A |a 24 |w stu99421_0002 | ||